Product release planning methods, tools, and applications /

Bibliographic Details
Main Author: Ruhe, Gunther.
Corporate Author: ProQuest (Firm)
Format: Electronic eBook
Language:English
Published: Boca Raton : CRC Press, c2010.
Subjects:
Online Access:Click to View
LEADER 01304nam a2200361Ia 4500
001 EBC566072
003 MiAaPQ
005 20200520144314.0
006 m o d |
007 cr cn|||||||||
008 100511s2010 flua sb 001 0 eng d
010 |z  2010017615 
020 |z 9780849326202 (hardcover : alk. paper) 
020 |z 9781420004113 
035 |a (MiAaPQ)EBC566072 
035 |a (Au-PeEL)EBL566072 
035 |a (CaPaEBR)ebr10411013 
035 |a (CaONFJC)MIL693729 
035 |a (OCoLC)669011280 
040 |a MiAaPQ  |c MiAaPQ  |d MiAaPQ 
050 4 |a HF5415.153  |b .R86 2010 
082 0 4 |a 658.8/02  |2 22 
100 1 |a Ruhe, Gunther. 
245 1 0 |a Product release planning  |h [electronic resource] :  |b methods, tools, and applications /  |c Gunther Ruhe. 
260 |a Boca Raton :  |b CRC Press,  |c c2010. 
300 |a xvi, 323 p. :  |b ill. 
504 |a Includes bibliographical references and index. 
533 |a Electronic reproduction. Ann Arbor, MI : ProQuest, 2015. Available via World Wide Web. Access may be limited to ProQuest affiliated libraries. 
650 0 |a New products  |x Planning. 
650 0 |a Product management. 
655 4 |a Electronic books. 
710 2 |a ProQuest (Firm) 
856 4 0 |u https://ebookcentral.proquest.com/lib/matrademy/detail.action?docID=566072  |z Click to View